000 01101 a2200265 4500
001 34001
005 20260407155630.0
008 260407a2012 arg spa d
003 AR-UNSa-BCEJYS
040 _aAR-UNSa-BCEJYS
_bspa
_cAR-UNSa-BCEJYS
080 _a512.64
_xAlgebra lineal y multilineal
245 1 0 _aÁlgebra lineal y sus aplicaciones
020 _a978-607-32-1398-1
250 _a4a. ed.
264 1 _aMéxico :
_bPearson Educación
_c2012
300 _axv, 492 p.
_c27 cm.
505 _a1. Ecuaciones lineales en álgebra lineal - 2. Álgebra de matrices - 3. Determinantes - 4. Espacios vectoriales - 5. Valores propios y vectores propios - 6. Ortogonalidad y mínimos cuadrados - 7. Matrices simétricas y formas cuadráticas - 8. Geometría de espacios vectoriales
041 _aspa
942 _cBK
590 _aniveau_biblio:m niveau_hierar:0
100 1 _aLay, David C.
700 1 _aGarcía Hernández, Ana Elizabeth
700 1 _aPastor, Javier Alfaro
856 4 1 _uhttps://biblioeco.unsa.edu.ar/pmb/images/libros/algebra_lineal_Lay.jpg
_yImagen de portada
_qimage/jpeg
999 _c2410
_d2410